000 00564nam a2200205Ia 4500
001 b372-23680 [2493]
003 IT-MiCISF
008 161014s9999||||xx |||||||||||||| ||und||
040 _aIT-MiCISF
_cIT-MiCISF
041 _ait
100 _aBergler Edmund
245 0 _aPsicoanalisi dell'omosessualità
250 _a1a ed.
260 _a Roma
_bAstrolabio
_c1970
300 _app. 250
500 _a / sessualità, omosessualità, terapia, ruoli-sessuali, comportamento-sessuale /
650 _asessualità
942 _cBK
957 _71
999 _a23680
_bsi
_g1
_c213619
_d213619